00864nam a22002297a 4500999001700000003000900017008004100026040007100067082001500138100001900153245003900172260004200211300004400253505009900297650002000396650001800416650002200434700004600456942001600502945002100518952009500539 c17228d17228AR-CdUCM190507b ||||| |||| 00| 0 spa d aMUNICIPALIDAD PROVINCIAL DEL CUSCOcBIBLIOTECA MUNICIPAL DEL CUSCO a609 /bB31 aBeckler, Beril aGrandes inventos de la humanidad / aBuenos Aires :bPlaza & Janes,c1963. a112 páginas ;bIlustraciones,c18 cm. aContenido: Las ilustraciones -- Padre de la era mecánica -- Fuente de energía universal... aInventos921995 aHistoria9136 aMáquinas920333 aPagliari, Edi B. de (traducción)937112 2ddccLIBROS adavvd07/05/2019 002ddc4070aSCbSCcCARTd2019-05-07g20.00o609 / B31pSC0000002120r2019-05-07yLIBROS